000 01167na a2200277 4500
001 17098
003 MIRAKIL
005 20181213154750.0
008 161022b tu 000 0
040 _aMilas
_btur
_cTR-AnCHP
041 _atur
082 _aCHP 351.00352
_bK26y 2004
090 _aCHP 351.00352 K26y 2004
100 _aKarademir, Erdal
_cCHP İzmir Milletvekili
245 _aXXII. dönem CHP İzmir Milletvekili Erdal Karademir'in 3 Kasım 2002 - 3 kasım 2004 çalışma raporu
_cErdal Karademir
246 _a22. dönem CHP İzmir Milletvekili Erdal Karademir'in 3 Kasım 2002 - 3 kasım 2004 çalışma raporu
260 _aİzmir
_b[yayl. y.]
_c2004
_fEme Basımevi
300 _a473, xiv s.
_btbl.; fotğ.
_c30 sm.
500 _aYapıt yazarından imzalıdır.
500 _aİç kapakta yapıt adı : Meclis çalışmalarım : (3 Kasım 2002-3 Kasım 2004)
600 _aKarademir, Erdal
_cCHP İzmir Milletvekili
_xMeclis çalışmaları
_y22. Dönem
610 _aCHP
_xMeclis çalışmaları
_y22. Dönem
657 _aCHP meclis çalışmaları
740 _aMeclis çalışmalarım : (3 Kasım 2002-3 Kasım 2004)
942 _2dcc
_cBKS
999 _c467
_d467